|
|
|
|
| LEADER |
00000cam a22000004a 4500 |
| 001 |
musev2_1683 |
| 003 |
MdBmJHUP |
| 005 |
20230905040236.0 |
| 006 |
m o d |
| 007 |
cr||||||||nn|n |
| 008 |
100223s2010 inu o 00 0 eng d |
| 010 |
|
|
|z 2010007652
|
| 020 |
|
|
|a 9780268077709
|
| 020 |
|
|
|z 9780268026042
|
| 035 |
|
|
|a (OCoLC)760959091
|
| 040 |
|
|
|a MdBmJHUP
|c MdBmJHUP
|
| 050 |
0 |
4 |
|a B2430.W474
|b D64 2010
|
| 100 |
1 |
|
|a Doering, E. Jane.
|
| 245 |
1 |
0 |
|a Simone Weil and the Specter of Self-Perpetuating Force /
|c E. Jane Doering.
|
| 264 |
|
1 |
|a Notre Dame, Ind. :
|b University of Notre Dame Press,
|c 2010.
|
| 264 |
|
3 |
|a Baltimore, Md. :
|b Project MUSE,
|c 2012
|
| 264 |
|
4 |
|c ©2010.
|
| 300 |
|
|
|a 1 online resource (296 pages).
|
| 336 |
|
|
|a text
|b txt
|2 rdacontent
|
| 337 |
|
|
|a computer
|b c
|2 rdamedia
|
| 338 |
|
|
|a online resource
|b cr
|2 rdacarrier
|
| 504 |
|
|
|a Includes bibliographical references and index.
|
| 505 |
0 |
|
|a Simone Weil's rejection of pacifism -- The empire of force -- Love of neighbor versus totalitarianism -- Values for reading the universe -- Reading and justice -- Simone Weil and the Bhagavad-Gita -- Justice and the supernatural -- Neither victim nor executioner -- Appendix : English translations of Simone Weil's essays.
|
| 588 |
|
|
|a Description based on print version record.
|
| 600 |
1 |
0 |
|a Weil, Simone,
|d 1909-1943.
|
| 650 |
|
0 |
|a Violence
|x Moral and ethical aspects.
|
| 655 |
|
7 |
|a Electronic books.
|2 local
|
| 710 |
2 |
|
|a Project Muse.
|e distributor
|
| 830 |
|
0 |
|a Book collections on Project MUSE.
|
| 856 |
4 |
0 |
|z Texto completo
|u https://projectmuse.uam.elogim.com/book/1683/
|
| 945 |
|
|
|a Project MUSE - Custom Collection
|
| 945 |
|
|
|a Project MUSE - 2010 Philosophy and Religion
|
| 945 |
|
|
|a Project MUSE - 2010 Complete
|